|
|
|
|
| LEADER |
01578nam a2200349 a 4500 |
| 001 |
000018613 |
| 003 |
CZ BrMZK |
| 005 |
20161108084634.0 |
| 008 |
010907s1995 xr f cze d |
| 015 |
|
|
|a cnb000103794
|
| 020 |
|
|
|a 80-85785-24-2
|
| 040 |
|
|
|a BOA001
|b cze
|
| 041 |
1 |
|
|a cze
|h eng
|
| 080 |
|
|
|a 820-322.4(082)=850
|2 MRF
|
| 080 |
|
|
|a 820(73)-322.4(082)=850
|2 MRF
|
| 100 |
1 |
|
|a Zábrana, Jan,
|d 1931-1984
|7 jz8001457
|4 com
|4 trl
|
| 245 |
1 |
0 |
|a 15 pátračů :
|b Freeman ... [et al.] /
|c povídky vybral Jan Zábrana ; z anglických originálů přeložili Alena Hartmanová ... [et al.] ; medailonky o autorech napsal František Jungwirth
|
| 246 |
3 |
2 |
|a Patnáct pátračů
|
| 250 |
|
|
|a Vyd. 2., (povídky Williama Irishe, Daphne du Maurierové a Elleryho Queena vyd. 3.), V nakl. Grafoprint-Neubert 1.
|
| 260 |
|
|
|a Praha :
|b Grafoprint-Neubert,
|c 1995
|
| 300 |
|
|
|a 477 s. ;
|c 21 cm
|
| 500 |
|
|
|a Dostupné též v digitální podobě v aplikaci Kramerius
|
| 700 |
1 |
|
|a Jungwirth, František,
|d 1920-1997
|7 jk01052192
|4 oth
|
| 700 |
1 |
|
|a Hartmanová, Alena,
|d 1925-2006
|7 jk01040068
|4 trl
|
| 856 |
4 |
1 |
|u http://www.digitalniknihovna.cz/mzk/uuid/uuid:67a51ef0-a5bf-11e6-b707-005056827e51
|y Digitalizovaný dokument
|x NDK
|
| 910 |
|
|
|a BOA001
|b D-1007.644
|b PK-0122.815
|
| 920 |
|
|
|a 000020389
|
| 962 |
|
|
|a 820(73)-32
|
| 962 |
|
|
|a 820-32
|
| 990 |
|
|
|a BK
|
| 996 |
6 |
|
|b 2610019609
|c D-1007.644
|l MZK
|r Sklad / do 24 hodin
|n 1
|p p.v.
|w 000018613
|u 000010
|a 1
|e BOA001
|j MZK50
|s P
|
| 996 |
7 |
|
|b 3119000232
|c PK-0122.815
|l MZK
|r Sklad / do 1 hodiny
|n 11
|p kup
|w 000018613
|u 000020
|a 1
|e BOA001
|j MZK50
|s A
|